000 01031nam a22001937a 4500
005 20260520110925.0
008 260519b mx ||||| |||| 00| 0 spa d
020 _a9686800549
050 0 4 _aKGF7740.7.A9
_bM67 1999
245 0 0 _aMorelos en la memoria de Ario 1815
_b : Discursos conmemorativos de la instalación del primer Supremo Tribunal de Justicia de la Nación 1976-1999 : apéndice iconográfico
_c / Recopilación: Estrella del Rocío López Maciel
250 _a1a ed.
260 _aMéxico :
_bSupremo Tribunal de Justicia y Consejo del Poder Judicial del Estado de Michoacán de Ocampo,
_c1999
300 _a206 páginas :
_bilustraciones ;
_c23 cm.
600 1 _aMorelos, José María,
_d1765-1815
_xConmemoraciones
650 7 _2lemb
_aAdministración judicial
_zMéxico
_zMichoacán de Ocampo
_xHistoria
_ySiglo XIX
651 7 _2lemb
_aArio de Rosales
_zMichoacán de Ocampo (México)
_xSupremo Tribunal de Justicia
_xHistoria
_vFuentes
700 1 _aLópez Maciel, Estrella del Rocío,
_ecompilador
942 _2lcc
_cLIB
999 _c172789
_d172787